El silencio roto (Record no. 183598)

MARC details
000 -LEADER
campo de control de longitud fija 00819nam a2200265 i 4500
001 - NÚMERO DE CONTROL
campo de control 183598
003 - IDENTIFICADOR DE NÚMERO DE CONTROL
campo de control ES-MaACL
005 - FECHA Y HORA DE LA ÚLTIMA TRANSACCIÓN
campo de control 20250719064305.0
008 - DATOS DE LONGITUD FIJA--INFORMACIÓN GENERAL
campo de control de longitud fija 140725s1998 sp | |||| ||spa d
020 ## - NÚMERO INTERNACIONAL ESTÁNDAR DEL LIBRO
Número Internacional Estándar del Libro 84-89985-01-4
080 ## - NÚMERO DE LA CLASIFICACIÓN DECIMAL UNIVERSAL
Número de la Clasificación Decimal Universal 821.134.2-84"19"
080 ## - NÚMERO DE LA CLASIFICACIÓN DECIMAL UNIVERSAL
Número de la Clasificación Decimal Universal 821.134.2-83"19"
100 1# - ENTRADA PRINCIPAL--NOMBRE DE PERSONA
Nombre de persona Neila, Manuel,
Fechas asociadas al nombre 1950-
9 (RLIN) 85334
245 13 - MENCIÓN DEL TÍTULO
Título El silencio roto
Resto del título ; seguido de Diálogos inactuales /
Mención de responsabilidad, etc. Manuel Neila.
246 3# - FORMA VARIANTE DEL TITULO
Título propio/Titulo breve Diálogos inactuales
250 ## - MENCION DE EDICION
Mención de edición 1ª ed.
260 ## - PUBLICACIÓN, DISTRIBUCIÓN, ETC.
Lugar de publicación, distribución, etc. Gijón :
Nombre del editor, distribuidor, etc. Llibros del Pexe,
Fecha de publicación, distribución, etc. 1998.
300 ## - DESCRIPCIÓN FÍSICA
Extensión 93 p. ;
Dimensiones 21 cm.
490 1# - MENCIÓN DE SERIE
Mención de serie Sui géneris ;
Designación de volumen o secuencia 6
830 0# - PUNTO DE ACCESO ADICIONAL DE SERIE-TÍTULO UNIFORME
Título uniforme Sui géneris ;
Designación de volumen o secuencia 6
9 (RLIN) 192011
852 ## - LOCALIZACIÓN
Ubicación ES-MaACL
Número de control de estantería A-13199
itemnumber 190540
Sublocalización o colección R.150165
Ubicación en estantería Depósito 1
Signatura antigua Olim: N-6199
942 ## - ELEMENTOS DE ENTRADA SECUNDARIOS (KOHA)
Fuente del sistema de clasificación o colocación Clasificación decimal universal
Tipo de ítem Koha Libro impreso
Suprimir en OPAC No
Holdings
Estatus retirado Estado de pérdida Fuente del sistema de clasificación o colocación Estado de daño No para préstamo Biblioteca de origen Biblioteca actual Ubicación en estantería Fecha de adquisición Fuente de adquisición Número de control de estantería Total de préstamos Signatura topográfica completa Código de barras Visto por última vez Tipo de ítem Koha
    Clasificación decimal universal     Biblioteca del Ateneo de Madrid Biblioteca del Ateneo de Madrid Depósito 1 25/07/2014 Donación 1   A-13199 1192981 23/02/2023 Libro impreso